000 00726nam a2200241Ia 4500
003 OSt
005 20220924132221.0
006 a|||||r|||| 00| 0
007 ta
008 220923b |||||||| |||| 00| 0 san d
024 _a36134
037 _cTextual
040 _aARTS
_cARTS
_bsan
041 _2san
_asan
082 _aQ3:22, 15J4 (Q3)
100 _aShubhachandra
_9203956
245 0 _aPandawa Puranam : an ancient Sanskrit text with Hindi translation , ed by Jinadas Parshwanatha Shastri
260 _c1954
490 _aJivaraj Jain granthamala , ed by A N Upadhya and H L Jain; 3
650 _aRELIGION
942 _hQ3:22, 15J4 (Q3)
_cTEXL
_2CC
999 _c429635
_d429635